[Event "Greek Team Championship"]
[Site "chess24.com"]
[Date "2017.07.03"]
[Round "1"]
[White "Bouza, Mirto - Eleni"]
[Black "Karavitaki, Evaggelia"]
[Result "0-1"]
[Board "7"]
[WhiteElo "1313"]
[WhiteCountry "GRE"]
[WhiteFideId "4260848"]
[WhiteEloChange "-2"]
[BlackElo "1690"]
[BlackCountry "GRE"]
[BlackFideId "4295021"]
[BlackEloChange "2"]

1. e4 {[%clk 1:30:57]} c5 {[%clk 1:30:53]} 2. Nf3 {[%clk 1:31:20]} e6 {[%clk
1:31:14]} 3. d4 {[%clk 1:31:45]} cxd4 {[%clk 1:31:36]} 4. Nxd4 {[%clk 1:32:02]}
a6 {[%clk 1:31:47]} 5. Bd3 {[%clk 1:32:06]} Nf6 {[%clk 1:32:06]} 6. O-O {[%clk
1:31:06]} Qc7 {[%clk 1:31:54]} 7. Nc3 {[%clk 1:25:04]} d6 {[%clk 1:25:48]} 8. Kh1
{[%clk 1:21:21]} Nbd7 {[%clk 1:21:58]} 9. Nb3 {[%clk 1:08:46]} Be7 {[%clk
1:17:48]} 10. f4 {[%clk 1:08:35]} b5 {[%clk 1:07:45]} 11. a3 {[%clk 1:07:26]} Bb7
{[%clk 1:07:04]} 12. Qe1 {[%clk 1:03:39]} O-O {[%clk 1:01:14]} 13. Qg3 {[%clk
0:59:14]} Rfd8 {[%clk 0:56:57]} 14. Bd2 {[%clk 0:55:27]} Rac8 {[%clk 0:54:11]}
15. Rae1 {[%clk 0:53:27]} Nc5 {[%clk 0:42:14]} 16. Nxc5 {[%clk 0:50:12]} dxc5
{[%clk 0:40:31]} 17. e5 {[%clk 0:27:22]} Nd7 {[%clk 0:37:49]} 18. Be3 {[%clk
0:21:38]} c4 {[%clk 0:31:26]} 19. Be4 {[%clk 0:20:11]} Nc5 {[%clk 0:29:19]} 20.
Bf3 {[%clk 0:15:06]} Rd7 {[%clk 0:17:00]} 21. Bg4 {[%clk 0:10:39]} Ne4 {[%clk
0:11:18]} 22. Nxe4 {[%clk 0:10:43]} Bxe4 {[%clk 0:11:38]} 23. Re2 {[%clk
0:10:11]} Rcd8 {[%clk 0:05:39]} 24. Ref2 {[%clk 0:08:49]} Bf5 {[%clk 0:02:53]}
25. h3 {[%clk 0:06:47]} Bc5 {[%clk 0:02:25]} 26. Bxc5 {[%clk 0:06:46]} Qxc5
{[%clk 0:02:49]} 27. Qc3 {[%clk 0:04:15]} Qd4 {[%clk 0:02:28]} 28. Qb4 {[%clk
0:02:50]} Qb6 {[%clk 0:01:49]} 29. Kh2 {[%clk 0:01:24]} Qc7 {[%clk 0:01:20]} 30.
Qc3 {[%clk 0:01:15]} Qb6 {[%clk 0:00:59]} 31. Qb4 {[%clk 0:01:24]} Qc6 {[%clk
0:00:48]} 32. Bf3 {[%clk 0:00:49]} Be4 {[%clk 0:01:08]} 33. Bxe4 {[%clk 0:00:42]}
Qxe4 {[%clk 0:01:36]} 34. Re1 {[%clk 0:00:45]} Qc6 {[%clk 0:01:35]} 35. Qc3
{[%clk 0:00:35]} Rd4 {[%clk 0:01:40]} 36. Qe3 {[%clk 0:00:38]} Qd5 {[%clk
0:01:45]} 37. Qc1 {[%clk 0:00:34]} Rd2 {[%clk 0:01:04]} 38. Rxd2 {[%clk 0:00:50]}
Qxd2 {[%clk 0:01:32]} 39. Qb1 {[%clk 0:00:35]} Qxf4+ {[%clk 0:01:46]} 40. Kh1
{[%clk 0:30:56]} Rd5 {[%clk 0:30:41]} 41. b3 {[%clk 0:22:32]} c3 {[%clk 0:28:10]}
42. Qa1 {[%clk 0:19:42]} Qd2 {[%clk 0:27:05]} 43. b4 {[%clk 0:17:31]} Qxc2 {[%clk
0:23:11]} 44. Rc1 {[%clk 0:17:03]} Qd2 {[%clk 0:21:18]} 45. Rxc3 {[%clk 0:12:52]}
Qd1+ {[%clk 0:21:22]} 46. Qxd1 {[%clk 0:13:12]} Rxd1+ {[%clk 0:21:46]} 47. Kh2
{[%clk 0:13:38]} h6 {[%clk 0:21:34]} 48. Rc6 {[%clk 0:13:30]} Re1 {[%clk
0:20:44]} 49. Rxa6 {[%clk 0:13:32]} Rxe5 {[%clk 0:21:34]} 50. a4 {[%clk 0:01:50]}
bxa4 {[%clk 0:21:47]} 51. Rxa4 {[%clk 0:02:10]} Rb5 {[%clk 0:21:02]} 52. Kg3
{[%clk 0:02:27]} Kf8 {[%clk 0:18:33]} 53. Kf3 {[%clk 0:02:39]} Ke7 {[%clk
0:18:23]} 54. Ke3 {[%clk 0:02:32]} Kd6 {[%clk 0:17:08]} 55. Kd4 {[%clk 0:01:50]}
e5+ {[%clk 0:12:45]} 56. Kc3 {[%clk 0:01:25]} Kd5 {[%clk 0:12:19]} 57. Ra2 {[%clk
0:00:45]} f5 {[%clk 0:11:55]} 58. g3 {[%clk 0:00:40]} e4 {[%clk 0:12:11]} 59. Rf2
{[%clk 0:00:36]} g6 {[%clk 0:12:05]} 60. g4 {[%clk 0:00:47]} Ke5 {[%clk 0:12:28]}
61. gxf5 {[%clk 0:00:55]} gxf5 {[%clk 0:12:52]} 62. Kc4 {[%clk 0:00:56]} Rb8
{[%clk 0:12:58]} 63. b5 {[%clk 0:01:10]} f4 {[%clk 0:12:48]} 64. Kc5 {[%clk
0:00:48]} e3 {[%clk 0:13:07]} 65. Re2 {[%clk 0:01:04]} Ke4 {[%clk 0:13:31]} 66.
b6 {[%clk 0:00:46]} f3 {[%clk 0:13:52]} 67. Rb2 {[%clk 0:00:31]} e2 {[%clk
0:13:56]} 68. Rb4+ {[%clk 0:00:31]} Ke5 {[%clk 0:14:09]} 69. Rb1 {[%clk 0:00:51]}
f2 {[%clk 0:14:30]} 0-1

[Event "Greek Team Championship"]
[Site "chess24.com"]
[Date "2017.07.03"]
[Round "1"]
[White "Papadopoulos, Argirios"]
[Black "Loutragotis, Dimitrios"]
[Result "1/2-1/2"]
[Board "8"]
[WhiteElo "2176"]
[WhiteTitle "FM"]
[WhiteCountry "GRE"]
[WhiteFideId "4241509"]
[WhiteEloChange "-1"]
[BlackElo "2143"]
[BlackCountry "GRE"]
[BlackFideId "4268458"]
[BlackEloChange "1"]

1. e4 {[%clk 1:30:58]} e5 {[%clk 1:30:55]} 2. Nf3 {[%clk 1:31:25]} Nc6 {[%clk
1:31:20]} 3. d4 {[%clk 1:31:54]} exd4 {[%clk 1:31:42]} 4. Bc4 {[%clk 1:32:21]}
Bc5 {[%clk 1:31:33]} 5. Ng5 {[%clk 1:31:08]} Nh6 {[%clk 1:07:51]} 6. Bxf7+ {[%clk
1:29:38]} Nxf7 {[%clk 1:07:52]} 7. Nxf7 {[%clk 1:29:55]} Kxf7 {[%clk 1:08:17]} 8.
Qh5+ {[%clk 1:30:21]} g6 {[%clk 1:08:40]} 9. Qxc5 {[%clk 1:30:48]} Qe7 {[%clk
0:59:55]} 10. Qxe7+ {[%clk 1:08:24]} Nxe7 {[%clk 1:00:18]} 11. Bg5 {[%clk
1:07:39]} d6 {[%clk 0:47:23]} 12. Bxe7 {[%clk 1:01:30]} Kxe7 {[%clk 0:47:46]} 13.
c3 {[%clk 1:00:10]} dxc3 {[%clk 0:47:03]} 14. Nxc3 {[%clk 0:55:53]} Be6 {[%clk
0:45:48]} 15. O-O {[%clk 0:54:38]} Rhf8 {[%clk 0:41:26]} 16. Rfd1 {[%clk
0:50:37]} c6 {[%clk 0:38:41]} 17. f3 {[%clk 0:40:15]} Rfd8 {[%clk 0:36:45]} 18.
Rd4 {[%clk 0:30:21]} Rd7 {[%clk 0:26:41]} 19. Kf2 {[%clk 0:27:04]} Rad8 {[%clk
0:26:32]} 20. Rad1 {[%clk 0:23:37]} d5 {[%clk 0:21:07]} 21. Ke3 {[%clk 0:22:33]}
dxe4 {[%clk 0:17:09]} 22. Rxd7+ {[%clk 0:21:28]} Bxd7 {[%clk 0:17:33]} 23. Nxe4
{[%clk 0:18:00]} Rf8 {[%clk 0:17:18]} 24. g4 {[%clk 0:16:31]} Be6 {[%clk
0:16:19]} 25. Nc3 {[%clk 0:11:23]} Re8 {[%clk 0:14:59]} 26. h4 {[%clk 0:10:22]}
h6 {[%clk 0:14:13]} 27. a3 {[%clk 0:05:30]} Rf8 {[%clk 0:13:26]} 28. Rd2 {[%clk
0:04:39]} Rb8 {[%clk 0:13:26]} 29. Ne4 {[%clk 0:03:18]} Rf8 {[%clk 0:13:34]} 30.
Ng3 {[%clk 0:03:01]} Rc8 {[%clk 0:12:19]} 31. h5 {[%clk 0:02:43]} g5 {[%clk
0:12:23]} 32. Nf5+ {[%clk 0:01:33]} Bxf5 {[%clk 0:12:06]} 33. gxf5 {[%clk
0:02:02]} Re8 {[%clk 0:10:48]} 34. Rd4 {[%clk 0:01:00]} Kf6+ {[%clk 0:11:10]} 35.
Kf2 {[%clk 0:00:33]} Re5 {[%clk 0:06:12]} 36. Rd6+ {[%clk 0:00:33]} Kxf5 {[%clk
0:06:38]} 37. Rxh6 {[%clk 0:00:50]} Rb5 {[%clk 0:07:04]} 38. b4 {[%clk 0:00:34]}
a5 {[%clk 0:07:04]} 39. bxa5 {[%clk 0:00:37]} Rxa5 {[%clk 0:07:29]} 40. Rh7
{[%clk 0:30:52]} Rxa3 {[%clk 0:33:40]} 41. Rf7+ {[%clk 0:13:58]} Ke6 {[%clk
0:33:22]} 42. Rxb7 {[%clk 0:14:09]} Ra4 {[%clk 0:32:26]} 43. Rc7 {[%clk 0:12:20]}
g4 {[%clk 0:30:13]} 44. Rxc6+ {[%clk 0:08:29]} Kf7 {[%clk 0:30:34]} 45. Rc7+
{[%clk 0:07:00]} Kg8 {[%clk 0:30:55]} 46. Rc5 {[%clk 0:06:06]} gxf3 {[%clk
0:31:17]} 47. Kxf3 {[%clk 0:06:26]} Kh7 {[%clk 0:31:43]} 48. Kg3 {[%clk 0:06:38]}
Kh6 {[%clk 0:32:08]} 49. Kf3 {[%clk 0:06:57]} 1/2-1/2

[Event "Greek Team Championship"]
[Site "chess24.com"]
[Date "2017.07.03"]
[Round "1"]
[White "Loutragotis, Paraskevas Pantelei"]
[Black "Patrelakis, Evaggelos"]
[Result "1-0"]
[Board "9"]
[WhiteElo "1891"]
[WhiteCountry "GRE"]
[WhiteFideId "4278771"]
[WhiteEloChange "11"]
[BlackElo "1925"]
[BlackCountry "GRE"]
[BlackFideId "4295102"]
[BlackEloChange "-11"]

1. e4 {[%clk 1:30:30]} c5 {[%clk 1:30:55]} 2. Nf3 {[%clk 1:31:17]} d6 {[%clk
1:31:18]} 3. d4 {[%clk 1:31:30]} cxd4 {[%clk 1:31:43]} 4. Nxd4 {[%clk 1:31:18]}
Nf6 {[%clk 1:32:06]} 5. Nc3 {[%clk 1:30:45]} a6 {[%clk 1:32:21]} 6. Bc4 {[%clk
1:30:45]} e6 {[%clk 1:31:11]} 7. Bb3 {[%clk 1:29:51]} Nbd7 {[%clk 1:24:45]} 8. g4
{[%clk 1:24:14]} Nc5 {[%clk 1:18:28]} 9. f3 {[%clk 1:15:03]} b5 {[%clk 1:04:18]}
10. Be3 {[%clk 1:11:29]} Bb7 {[%clk 0:53:46]} 11. Qd2 {[%clk 1:09:15]} Be7 {[%clk
0:51:23]} 12. h4 {[%clk 1:07:21]} Nfd7 {[%clk 0:47:59]} 13. g5 {[%clk 1:04:10]}
Nb6 {[%clk 0:44:04]} 14. a3 {[%clk 0:57:47]} Rc8 {[%clk 0:29:00]} 15. h5 {[%clk
0:51:45]} d5 {[%clk 0:22:43]} 16. e5 {[%clk 0:49:20]} Qc7 {[%clk 0:22:10]} 17. f4
{[%clk 0:36:50]} Nc4 {[%clk 0:19:14]} 18. Bxc4 {[%clk 0:34:47]} dxc4 {[%clk
0:19:35]} 19. Rh2 {[%clk 0:34:07]} Ne4 {[%clk 0:19:08]} 20. Nxe4 {[%clk 0:33:56]}
Bxe4 {[%clk 0:19:36]} 21. c3 {[%clk 0:33:24]} Qb7 {[%clk 0:19:00]} 22. Kf2 {[%clk
0:28:17]} Bc5 {[%clk 0:13:09]} 23. Ne2 {[%clk 0:26:06]} Rd8 {[%clk 0:12:08]} 24.
Bd4 {[%clk 0:26:06]} Bxd4+ {[%clk 0:11:19]} 25. Nxd4 {[%clk 0:26:28]} a5 {[%clk
0:07:19]} 26. Re1 {[%clk 0:23:47]} Qd5 {[%clk 0:04:38]} 27. Qe3 {[%clk 0:23:21]}
Bd3 {[%clk 0:04:58]} 28. Kg1 {[%clk 0:21:54]} O-O {[%clk 0:03:51]} 29. Qh3 {[%clk
0:17:44]} Rfe8 {[%clk 0:03:11]} 30. Qf3 {[%clk 0:07:00]} Qxf3 {[%clk 0:02:35]}
31. Nxf3 {[%clk 0:07:23]} b4 {[%clk 0:01:54]} 32. Nd4 {[%clk 0:06:09]} bxc3
{[%clk 0:01:57]} 33. bxc3 {[%clk 0:06:33]} Rb8 {[%clk 0:02:20]} 34. a4 {[%clk
0:06:14]} Rb6 {[%clk 0:01:31]} 35. Nb5 {[%clk 0:05:37]} Rd8 {[%clk 0:01:54]} 36.
Nd4 {[%clk 0:05:20]} Rdb8 {[%clk 0:01:47]} 37. Nb5 {[%clk 0:05:45]} Rd8 {[%clk
0:02:12]} 38. Rd2 {[%clk 0:04:59]} Kf8 {[%clk 0:02:21]} 39. Kf2 {[%clk 0:05:11]}
Ke7 {[%clk 0:02:41]} 40. Ke3 {[%clk 0:35:21]} Rdb8 {[%clk 0:31:44]} 41. Rh1
{[%clk 0:34:16]} Rd8 {[%clk 0:27:49]} 42. Rhh2 {[%clk 0:33:52]} Rd5 {[%clk
0:11:30]} 43. Rb2 {[%clk 0:32:27]} f6 {[%clk 0:10:06]} 44. Nc7 {[%clk 0:29:57]}
Rd7 {[%clk 0:09:13]} 45. Rxb6 {[%clk 0:27:33]} Rxc7 {[%clk 0:09:41]} 46. gxf6+
{[%clk 0:27:01]} gxf6 {[%clk 0:10:03]} 47. Rg2 {[%clk 0:27:20]} Kf7 {[%clk
0:10:22]} 48. h6 {[%clk 0:27:02]} Bg6 {[%clk 0:10:40]} 49. f5 {[%clk 0:26:51]}
exf5 {[%clk 0:10:58]} 50. e6+ {[%clk 0:27:07]} Ke7 {[%clk 0:11:09]} 51. Kf4
{[%clk 0:26:53]} Rc5 {[%clk 0:10:54]} 52. Rd2 {[%clk 0:25:56]} Rc7 {[%clk
0:11:15]} 53. Rd5 {[%clk 0:26:11]} Ra7 {[%clk 0:11:28]} 54. Rdb5 {[%clk 0:25:37]}
Ra8 {[%clk 0:11:06]} 55. Rc5 {[%clk 0:25:32]} Ra7 {[%clk 0:11:22]} 56. Rxc4
{[%clk 0:25:45]} 1-0

[Event "Greek Team Championship"]
[Site "chess24.com"]
[Date "2017.07.03"]
[Round "1"]
[White "Fyntrilakis, Kyriakos"]
[Black "Basinas, Konstantinos"]
[Result "1/2-1/2"]
[Board "10"]
[WhiteElo "1647"]
[WhiteCountry "GRE"]
[WhiteFideId "4286030"]
[WhiteEloChange "-6"]
[BlackElo "1411"]
[BlackCountry "GRE"]
[BlackFideId "25813285"]
[BlackEloChange "6"]

1. e4 {[%clk 1:30:56]} c5 {[%clk 1:30:54]} 2. Nf3 {[%clk 1:31:21]} e6 {[%clk
1:31:16]} 3. g3 {[%clk 1:31:44]} Qc7 {[%clk 1:31:00]} 4. Bg2 {[%clk 1:31:56]} Nc6
{[%clk 1:31:17]} 5. O-O {[%clk 1:32:21]} d6 {[%clk 1:31:27]} 6. c3 {[%clk
1:31:46]} Nf6 {[%clk 1:31:40]} 7. Qe2 {[%clk 1:32:12]} Be7 {[%clk 1:31:20]} 8. d4
{[%clk 1:30:18]} cxd4 {[%clk 1:30:19]} 9. cxd4 {[%clk 1:30:43]} O-O {[%clk
1:29:24]} 10. Bd2 {[%clk 1:25:29]} Bd7 {[%clk 1:22:17]} 11. Nc3 {[%clk 1:25:37]}
a6 {[%clk 1:22:30]} 12. Rac1 {[%clk 1:23:35]} Qd8 {[%clk 1:20:40]} 13. Rfe1
{[%clk 1:16:51]} Rc8 {[%clk 1:20:22]} 14. d5 {[%clk 1:13:56]} Nb8 {[%clk
1:15:47]} 15. Qd3 {[%clk 1:02:35]} e5 {[%clk 1:08:37]} 16. Nh4 {[%clk 0:59:18]}
Ne8 {[%clk 1:07:18]} 17. Nf5 {[%clk 0:59:22]} Bxf5 {[%clk 1:07:14]} 18. exf5
{[%clk 0:59:50]} Nd7 {[%clk 1:05:12]} 19. Ne4 {[%clk 0:57:51]} Nef6 {[%clk
1:03:59]} 20. Rxc8 {[%clk 0:57:31]} Qxc8 {[%clk 1:04:18]} 21. Rc1 {[%clk
0:57:55]} Qb8 {[%clk 1:04:19]} 22. Nxf6+ {[%clk 0:50:13]} Bxf6 {[%clk 1:04:00]}
23. Qc4 {[%clk 0:50:17]} Bd8 {[%clk 0:55:17]} 24. Be3 {[%clk 0:47:35]} Nb6 {[%clk
0:54:19]} 25. Qb4 {[%clk 0:47:21]} Nd7 {[%clk 0:54:35]} 26. Rc3 {[%clk 0:43:17]}
Bc7 {[%clk 0:53:55]} 27. Rb3 {[%clk 0:40:19]} b5 {[%clk 0:54:08]} 28. a4 {[%clk
0:40:41]} bxa4 {[%clk 0:52:40]} 29. Qxa4 {[%clk 0:41:05]} Qc8 {[%clk 0:52:54]}
30. Bf1 {[%clk 0:36:20]} a5 {[%clk 0:53:10]} 31. Rc3 {[%clk 0:36:19]} Nf6 {[%clk
0:51:37]} 32. Bb6 {[%clk 0:36:12]} Nxd5 {[%clk 0:51:30]} 33. Bxc7 {[%clk
0:32:53]} Nxc3 {[%clk 0:51:12]} 34. Qxa5 {[%clk 0:33:19]} Ne4 {[%clk 0:51:16]}
35. f3 {[%clk 0:30:23]} Nf6 {[%clk 0:51:24]} 36. Bxd6 {[%clk 0:30:15]} Re8 {[%clk
0:51:36]} 37. g4 {[%clk 0:26:29]} e4 {[%clk 0:48:49]} 38. g5 {[%clk 0:25:09]} e3
{[%clk 0:47:28]} 39. Qb5 {[%clk 0:24:13]} Nd7 {[%clk 0:46:45]} 40. b4 {[%clk
0:51:17]} Qc2 {[%clk 1:10:11]} 41. Be2 {[%clk 0:49:52]} Qc1+ {[%clk 1:09:53]} 42.
Kg2 {[%clk 0:50:12]} Qd2 {[%clk 1:04:54]} 43. Qxd7 {[%clk 0:47:33]} Qxe2+ {[%clk
1:05:16]} 44. Kg3 {[%clk 0:47:55]} Qf2+ {[%clk 1:05:36]} 45. Kg4 {[%clk 0:48:21]}
Qg2+ {[%clk 1:03:13]} 46. Bg3 {[%clk 0:48:44]} Rb8 {[%clk 1:01:41]} 47. Qd6
{[%clk 0:47:53]} Re8 {[%clk 1:01:47]} 48. Qc6 {[%clk 0:47:55]} Rd8 {[%clk
1:00:23]} 49. Qb6 {[%clk 0:48:18]} Re8 {[%clk 1:00:46]} 50. Qc6 {[%clk 0:48:39]}
Rd8 {[%clk 1:01:05]} 51. Qb6 {[%clk 0:47:54]} Re8 {[%clk 1:00:54]} 52. Qc6 {[%clk
0:48:18]} Rd8 {[%clk 1:01:12]} 53. Qb6 {[%clk 0:44:19]} Re8 {[%clk 1:01:28]}
1/2-1/2

[Event "Greek Team Championship"]
[Site "chess24.com"]
[Date "2017.07.03"]
[Round "1"]
[White "Lupulescu, Constantin"]
[Black "Istratescu, Andrei"]
[Result "1/2-1/2"]
[Board "1"]
[WhiteElo "2635"]
[WhiteTitle "GM"]
[WhiteCountry "ROU"]
[WhiteFideId "1207822"]
[WhiteEloChange "-1"]
[BlackElo "2593"]
[BlackTitle "GM"]
[BlackCountry "ROU"]
[BlackFideId "1200372"]
[BlackEloChange "1"]

1. c4 {[%clk 1:30:56]} e6 {[%clk 1:27:31]} 2. Nf3 {[%clk 1:28:25]} d5 {[%clk
1:26:42]} 3. d4 {[%clk 1:28:33]} Nf6 {[%clk 1:25:55]} 4. Nc3 {[%clk 1:28:03]}
dxc4 {[%clk 1:24:50]} 5. Bg5 {[%clk 1:19:31]} Bb4 {[%clk 1:20:19]} 6. e4 {[%clk
1:19:29]} c5 {[%clk 1:19:35]} 7. Bxc4 {[%clk 1:18:56]} cxd4 {[%clk 1:14:36]} 8.
Nxd4 {[%clk 1:18:27]} Bxc3+ {[%clk 1:13:42]} 9. bxc3 {[%clk 1:18:50]} Qa5 {[%clk
1:14:06]} 10. Bxf6 {[%clk 1:10:51]} Qxc3+ {[%clk 1:12:56]} 11. Kf1 {[%clk
1:09:08]} gxf6 {[%clk 1:11:04]} 12. Rc1 {[%clk 1:08:01]} Qa5 {[%clk 1:08:41]} 13.
Bb5+ {[%clk 1:08:15]} Ke7 {[%clk 1:05:18]} 14. e5 {[%clk 1:07:58]} fxe5 {[%clk
0:59:06]} 15. Qh5 {[%clk 1:07:28]} Nd7 {[%clk 0:55:36]} 16. Qg5+ {[%clk 1:07:33]}
Kf8 {[%clk 0:53:36]} 17. Rxc8+ {[%clk 1:07:20]} Rxc8 {[%clk 0:52:52]} 18. Bxd7
{[%clk 1:07:41]} Qd8 {[%clk 0:51:20]} 19. Nxe6+ {[%clk 1:03:22]} fxe6 {[%clk
0:49:37]} 20. Qh6+ {[%clk 1:03:04]} Kf7 {[%clk 0:39:22]} 21. Qxe6+ {[%clk
1:01:00]} Kg7 {[%clk 0:33:38]} 22. Qg4+ {[%clk 0:54:09]} Kf7 {[%clk 0:28:37]} 23.
Qf5+ {[%clk 0:51:21]} Kg7 {[%clk 0:28:12]} 24. Qg4+ {[%clk 0:51:05]} Kf7 {[%clk
0:28:33]} 25. Qf5+ {[%clk 0:51:13]} Kg7 {[%clk 0:28:19]} 26. Qg4+ {[%clk
0:51:30]} 1/2-1/2

[Event "Greek Team Championship"]
[Site "chess24.com"]
[Date "2017.07.03"]
[Round "1"]
[White "Szabo, Gergely-Andras-Gyula"]
[Black "Lubbe, Nikolas"]
[Result "1-0"]
[Board "2"]
[WhiteElo "2546"]
[WhiteTitle "GM"]
[WhiteCountry "ROU"]
[WhiteFideId "1205064"]
[WhiteEloChange "4"]
[BlackElo "2505"]
[BlackTitle "IM"]
[BlackCountry "GER"]
[BlackFideId "4694031"]
[BlackEloChange "-4"]

1. e4 {[%clk 1:30:48]} e5 {[%clk 1:30:45]} 2. Nf3 {[%clk 1:31:01]} Nc6 {[%clk
1:30:56]} 3. Bb5 {[%clk 1:30:39]} a6 {[%clk 1:31:07]} 4. Ba4 {[%clk 1:31:03]} Nf6
{[%clk 1:31:00]} 5. O-O {[%clk 1:31:02]} Be7 {[%clk 1:30:17]} 6. Re1 {[%clk
1:30:59]} b5 {[%clk 1:30:12]} 7. Bb3 {[%clk 1:31:23]} d6 {[%clk 1:29:39]} 8. c3
{[%clk 1:31:39]} O-O {[%clk 1:28:30]} 9. d4 {[%clk 1:28:22]} Bg4 {[%clk 1:27:08]}
10. Be3 {[%clk 1:27:52]} exd4 {[%clk 1:26:24]} 11. cxd4 {[%clk 1:28:06]} Na5
{[%clk 1:26:46]} 12. Bc2 {[%clk 1:28:25]} Nc4 {[%clk 1:26:34]} 13. Bc1 {[%clk
1:27:14]} c5 {[%clk 1:26:53]} 14. b3 {[%clk 1:24:30]} Na5 {[%clk 1:27:09]} 15. d5
{[%clk 1:07:06]} Nd7 {[%clk 1:25:54]} 16. Nbd2 {[%clk 1:03:19]} Bf6 {[%clk
1:26:12]} 17. Rb1 {[%clk 1:04:16]} Bh5 {[%clk 1:26:32]} 18. h3 {[%clk 1:03:11]}
Bc3 {[%clk 1:22:35]} 19. g4 {[%clk 0:57:15]} Bg6 {[%clk 1:22:58]} 20. Re3 {[%clk
0:57:23]} Bf6 {[%clk 1:20:06]} 21. Nf1 {[%clk 0:54:02]} Rc8 {[%clk 1:05:08]} 22.
Ng3 {[%clk 0:48:39]} Ne5 {[%clk 0:54:35]} 23. Re1 {[%clk 0:32:28]} Nxf3+ {[%clk
0:48:18]} 24. Qxf3 {[%clk 0:32:54]} Re8 {[%clk 0:46:05]} 25. Qe2 {[%clk 0:23:37]}
Bc3 {[%clk 0:39:24]} 26. Rf1 {[%clk 0:22:30]} Bd4 {[%clk 0:23:22]} 27. Kh2 {[%clk
0:18:12]} c4 {[%clk 0:22:18]} 28. b4 {[%clk 0:18:11]} Nb7 {[%clk 0:22:42]} 29. f4
{[%clk 0:14:26]} f6 {[%clk 0:23:03]} 30. h4 {[%clk 0:10:59]} a5 {[%clk 0:14:44]}
31. h5 {[%clk 0:10:43]} Bf7 {[%clk 0:14:50]} 32. Nf5 {[%clk 0:10:51]} Ba7 {[%clk
0:13:49]} 33. Qg2 {[%clk 0:08:03]} axb4 {[%clk 0:12:36]} 34. Rxb4 {[%clk
0:05:48]} Qa5 {[%clk 0:09:32]} 35. a3 {[%clk 0:05:42]} Bc5 {[%clk 0:08:55]} 36.
Rb1 {[%clk 0:04:01]} Bxa3 {[%clk 0:05:32]} 37. Ra1 {[%clk 0:03:50]} b4 {[%clk
0:05:30]} 38. g5 {[%clk 0:03:53]} Bxh5 {[%clk 0:04:06]} 39. Nxg7 {[%clk 0:01:25]}
Kxg7 {[%clk 0:03:20]} 40. gxf6+ {[%clk 0:31:49]} Kxf6 {[%clk 0:33:44]} 41. Qg5+
{[%clk 0:31:51]} Kf7 {[%clk 0:34:12]} 42. e5 {[%clk 0:29:29]} 1-0

[Event "Greek Team Championship"]
[Site "chess24.com"]
[Date "2017.07.03"]
[Round "1"]
[White "Kofidis, Andreas"]
[Black "Tsekouras, Theodoros"]
[Result "1-0"]
[Board "3"]
[WhiteElo "2381"]
[WhiteTitle "IM"]
[WhiteCountry "GRE"]
[WhiteFideId "4200217"]
[WhiteEloChange "6"]
[BlackElo "2225"]
[BlackCountry "GRE"]
[BlackFideId "4203402"]
[BlackEloChange "-6"]

1. e4 {[%clk 1:30:30]} c5 {[%clk 1:30:19]} 2. Nf3 {[%clk 1:31:21]} Nc6 {[%clk
1:30:28]} 3. d4 {[%clk 1:31:42]} cxd4 {[%clk 1:30:51]} 4. Nxd4 {[%clk 1:32:06]}
e5 {[%clk 1:30:49]} 5. Nxc6 {[%clk 1:32:29]} bxc6 {[%clk 1:31:15]} 6. Bd3 {[%clk
1:32:52]} Nf6 {[%clk 1:30:58]} 7. O-O {[%clk 1:33:06]} Bc5 {[%clk 1:30:15]} 8.
Nc3 {[%clk 1:32:51]} O-O {[%clk 1:29:17]} 9. Qe2 {[%clk 1:31:11]} Re8 {[%clk
1:24:48]} 10. Bg5 {[%clk 1:25:59]} h6 {[%clk 1:23:03]} 11. Bxf6 {[%clk 1:20:54]}
Qxf6 {[%clk 1:22:51]} 12. Na4 {[%clk 1:21:19]} Qe7 {[%clk 1:11:48]} 13. Bc4
{[%clk 1:03:42]} Bb7 {[%clk 0:51:52]} 14. Bxf7+ {[%clk 1:02:38]} Kxf7 {[%clk
0:50:43]} 15. Qc4+ {[%clk 1:03:01]} d5 {[%clk 0:50:39]} 16. Qxc5 {[%clk 1:03:25]}
Rad8 {[%clk 0:42:33]} 17. Rad1 {[%clk 0:59:20]} Kg8 {[%clk 0:40:09]} 18. Qxe7
{[%clk 0:57:57]} Rxe7 {[%clk 0:40:32]} 19. Nc5 {[%clk 0:58:23]} Bc8 {[%clk
0:38:11]} 20. Rfe1 {[%clk 0:49:21]} Bg4 {[%clk 0:34:36]} 21. Rd3 {[%clk 0:48:55]}
Bh5 {[%clk 0:31:09]} 22. b3 {[%clk 0:41:20]} Bg6 {[%clk 0:28:49]} 23. f3 {[%clk
0:38:17]} Rb8 {[%clk 0:24:37]} 24. a4 {[%clk 0:38:09]} Bf7 {[%clk 0:21:27]} 25.
Rde3 {[%clk 0:31:49]} Rbe8 {[%clk 0:16:58]} 26. h4 {[%clk 0:23:15]} Kh7 {[%clk
0:11:15]} 27. Rc3 {[%clk 0:19:01]} Bg6 {[%clk 0:03:37]} 28. Nd3 {[%clk 0:16:54]}
Re6 {[%clk 0:02:08]} 29. Rc5 {[%clk 0:16:41]} Rd6 {[%clk 0:01:26]} 30. a5 {[%clk
0:13:54]} dxe4 {[%clk 0:01:18]} 31. fxe4 {[%clk 0:14:07]} Rd4 {[%clk 0:00:57]}
32. Rxe5 {[%clk 0:11:09]} Rxe5 {[%clk 0:00:48]} 33. Nxe5 {[%clk 0:11:34]} Rxe4
{[%clk 0:01:07]} 34. Rxe4 {[%clk 0:11:53]} Bxe4 {[%clk 0:01:30]} 35. b4 {[%clk
0:08:41]} Kg8 {[%clk 0:00:49]} 36. c3 {[%clk 0:07:21]} Kf8 {[%clk 0:01:05]} 37.
Kf2 {[%clk 0:06:00]} Ke7 {[%clk 0:00:49]} 38. Nf3 {[%clk 0:06:22]} Kd6 {[%clk
0:00:51]} 39. Ke3 {[%clk 0:06:40]} Bd5 {[%clk 0:00:42]} 40. Kd4 {[%clk 0:35:22]}
Be6 {[%clk 0:30:35]} 41. g3 {[%clk 0:34:45]} Bh3 {[%clk 0:26:05]} 42. Ne5 {[%clk
0:31:00]} Bg2 {[%clk 0:24:52]} 43. Nc4+ {[%clk 0:31:07]} Ke6 {[%clk 0:18:58]} 44.
Kc5 {[%clk 0:31:07]} g5 {[%clk 0:16:58]} 45. hxg5 {[%clk 0:30:41]} hxg5 {[%clk
0:17:21]} 46. Ne3 {[%clk 0:31:08]} Bf3 {[%clk 0:17:09]} 47. Nc2 {[%clk 0:26:26]}
Kd7 {[%clk 0:16:08]} 48. Nd4 {[%clk 0:26:37]} g4 {[%clk 0:13:13]} 49. c4 {[%clk
0:25:52]} Bg2 {[%clk 0:10:16]} 50. a6 {[%clk 0:26:00]} Kc7 {[%clk 0:08:36]} 51.
b5 {[%clk 0:23:32]} cxb5 {[%clk 0:08:51]} 52. cxb5 {[%clk 0:24:00]} Kb8 {[%clk
0:06:28]} 53. Nc6+ {[%clk 0:20:18]} Ka8 {[%clk 0:06:46]} 54. b6 {[%clk 0:19:45]}
axb6+ {[%clk 0:05:08]} 55. Kxb6 {[%clk 0:20:03]} Bd5 {[%clk 0:02:47]} 56. Nd4
{[%clk 0:19:46]} Bf7 {[%clk 0:01:51]} 57. Nb5 {[%clk 0:20:00]} 1-0